20 GRANDES CONSPIRACIONES DE LA HISTORIA (Record no. 73974)
[ view plain ]
| 000 -CABECERA | |
|---|---|
| campo de control de longitud fija | 00502nam a2200181Ia 4500 |
| 001 - NÚMERO DE CONTROL | |
| campo de control | 28202 |
| 005 - FECHA Y HORA DE LA ÚLTIMA TRANSACCIÓN | |
| campo de control | 20260414093218.0 |
| 008 - CÓDIGOS DE INFORMACIÓN DE LONGITUD FIJA | |
| campo de control de longitud fija | 260115s9999 xx 000 0 und d |
| 035 ## - NÚMERO DE CONTROL DEL SISTEMA | |
| Número de control de sistema | 18444 |
| 090 ## - LOCALMENTE ASIGNADO TIPO-LC NÚMERO DE CLASIFICACIÓN (OCLC); NÚMERO DE CLASIFICACIÓN LOCAL (RLIN) | |
| Número de clasificación (OCLC) (R) ; Numero de clasificación CALL (RLIN) (NR) | 327.88 |
| 100 ## - PUNTO DE ACCESO PRINCIPAL - NOMBRE DE PERSONA | |
| Nombre de persona | CAMACHO SANTIAGO |
| 245 #0 - MENCIÓN DE TÍTULO | |
| Título | 20 GRANDES CONSPIRACIONES DE LA HISTORIA |
| 260 ## - PUBLICACIÓN, DISTRIBUCIÓN, ETC. (PIE DE IMPRENTA) | |
| Nombre del editor distribuidor etc. | LA ESFERA DE LOS LIBROS |
| Fecha de publicación distribución etc. | 2003 |
| 630 ## - PUNTO DE ACCESO ADICIONAL DE MATERIA--TÍTULO UNIFORME | |
| Título uniforme | POLITICA |
| 650 ## - PUNTO DE ACCESO ADICIONAL DE MATERIA--TÉRMINO DE MATERIA | |
| Término de materia o nombre geográfico como elemento inicial | HISTORIA |
| 942 ## - ELEMENTOS DE PUNTO DE ACCESO ADICIONAL (KOHA) | |
| Tipo de ítem Koha | Monografías |
| 901 ## - ELEMENTOS DE DATOS A LOCAL LDA (RLIN) | |
| a | FH |
| b | FH |
| y | BK |
| p | SEH_28202 |
| i | 24889 |
| j | 327.88 |
| c | GENERAL |
| t | 1 |
| z | 24 CTMS.354 PAGS. 17,00 € |
| x | 1 |
| Estado de retiro | Estado de pérdida | Estado dañado | No para préstamo | Localización permanente | Ubicación/localización actual | Ubicación en estantería | Fecha de adquisición | Número de inventario | Número de control en estantería | Número de registro | Total de préstamos | Código de barras | Fecha visto por última vez | Número de copia | Precio válido a partir de | Tipo de ítem Koha | Nota pública |
|---|---|---|---|---|---|---|---|---|---|---|---|---|---|---|---|---|---|
| Servicio de Estudios Históricos | Servicio de Estudios Históricos | 14/04/2026 | 24889 | 127 | 24889 | SEH_28202 | 14/04/2026 | 1 | 14/04/2026 | Monografías | 24 CTMS.354 PAGS. 17,00 € |
